The power of limits: proportional harmonies in nature, art, and architecture
Guardat en:
| Autor principal: | |
|---|---|
| Format: | Llibre |
| Idioma: | anglès |
| Publicat: |
Boston
Shambhala
1981
|
| Edició: | 1a. ed |
| Matèries: | |
| Etiquetes: |
Afegir etiqueta
Sense etiquetes, Sigues el primer a etiquetar aquest registre!
|
MARC
| LEADER | 00000cam a2200000 a 4500 | ||
|---|---|---|---|
| 001 | UCF2951 | ||
| 003 | CL-VaPUC | ||
| 008 | 120914e19810000US |||||||||||||||||eng|d | ||
| 020 | |a 9780877731931 | ||
| 082 | 0 | 4 | |a 700.1 |b DOC |2 21 |
| 100 | 0 | |a Doczi, György |e author |9 564826 | |
| 245 | 1 | 4 | |a The power of limits: proportional harmonies in nature, art, and architecture |
| 250 | |a 1a. ed | ||
| 300 | |a 150 p | ||
| 942 | |c BK | ||
| 945 | |d 20120914 00:00:00 |a cmena | ||
| 260 | |a Boston |b Shambhala |c 1981 | ||
| 650 | 0 | |a Creatividad artística |9 471254 | |
| 650 | 0 | |a Estética |9 264950 | |
| 650 | 7 | |a PROPORCION |2 CL-VaPUC |9 265550 | |
| 650 | 0 | |a Naturaleza |9 269656 | |
| 583 | |a last modification |c 20120914 00:13:00 |k Rodrigo Vera | ||
| 999 | |c 349489 |d 349487 | ||
| 952 | |0 0 |1 0 |4 0 |6 700_100000000000000_DOC_1981 |7 0 |8 A |9 452115 |a BIBGIM |b BIBGIM |d 2019-11-22 |i 4910095 |o 700.1 DOC 1981 |p 4910095 |r 2025-01-15 |w 2019-11-22 |y BK |k ARA | ||